Catálogo
 En Linea

Discursos y conferencias. (Registro nro. 25592)

Detalles MARC
000 -CABECERA
campo de control de longitud fija 00842nam a2200169 a 4500
001 - NÚMERO DE CONTROL
campo de control 000026100
005 - FECHA Y HORA DE LA ÚLTIMA TRANSACCIÓN
campo de control 20200930024313.0
008 - DATOS DE LONGITUD FIJA--INFORMACIÓN GENERAL
campo de control de longitud fija 110301s1973 dr c 000 0 spa d
040 ## - FUENTE DE LA CATALOGACIÓN
Centro catalogador/agencia de origen DO-SdBNP
Lengua de catalogación spa
Centro/agencia transcriptor BNPHU
082 ## - NÚMERO DE LA CLASIFICACIÓN DECIMAL DEWEY
Número de clasificación xxx
Número de documento/Ítem F356d
049 ## - FONDOS LOCALES (OCLC)
Fondos de biblioteca BNPD
111 2# - ENTRADA PRINCIPAL--NOMBRE DE CONGRESO/REUNIÓN
Nombre de congreso/reunión o jurisdicción como elemento de entrada Feria del libro
Fecha del congreso/reunión (1973 :
Sede del congreso/Lugar de la reunión Santo Domingo)
9 (RLIN) 53037
245 10 - MENCIÓN DE TÍTULO
Título Discursos y conferencias.
260 ## - PUBLICACIÓN, DISTRIBUCIÓN, ETC.
Lugar de publicación, distribución, etc. Santo Domingo :
Nombre del editor, distribuidor, etc. Taller,
Fecha de publicación, distribución, etc. 1973.
300 ## - DESCRIPCIÓN FÍSICA
Extensión 115 p. :
Otras características físicas retrs. ;
Dimensiones 22 cm.
505 0# - NOTA DE CONTENIDO CON FORMATO
Nota de contenido con formato Liminar / Jorge Tena Reyes -- Discurso de apertura / Altagracia Bautista de Suárez -- Los poblamientos aborigenes de la Isla Española / Marcio Velóz Maggiolo -- La vida y obra de Pablo Picasso / Marianne de Tolentino -- Patria, amor y jibarismo en tres poetas puertorriqueños / Jorge Tena Reyes, Cesáreo Rosa Nieves -- Discurso de clausura de la feria / Anaiboní Guerrero Báez.
Existencias
Estado de retiro Estado de pérdida No para préstamo Código de colección Localización permanente Ubicación/localización actual Ubicación en estantería Fecha de adquisición Número de inventario Total de préstamos Signatura topográfica completa Código de barras Fecha visto por última vez Precio válido a partir de Tipo de ítem Koha Número de copia
    Excluido de préstamo Patrimonio Dominicano Patrimonio Dominicano Patrimonio Dominicano En catalogación 01.03.2011 LF1   xxx F356d 26100-10 25.06.2020 25.06.2020 Libro y Folleto Colección Patrimonio Dominicano  
    Excluido de préstamo Patrimonio Dominicano Patrimonio Dominicano Patrimonio Dominicano En catalogación 07.03.2011 LF1   xxx F356d 26100-20 25.06.2020 25.06.2020 Libro y Folleto Colección Patrimonio Dominicano e. 2

Con tecnología Koha